000 00584nam a22001575i 4500
001 164627
003 ES-MaACL
005 20230906212955.0
008 050801s1875 sp | |||||||| ||spa d
040 _aCAM
_bspa
_cCAM
100 1 _aSánchez-Arjona, José.
_9133051
245 1 1 _a¡Guerra¡
_b: poesías líricas /
_cJosé Sanchez-Arjona.
260 _aSevilla :
_bImp. de Gironés y Orduña editores,
_c1875.
300 _a94 p. ;
_c18 cm.
852 _aES-MaACL
_jT-281-F-3
_z-- Enc. hol.
_z-- Dedic. ms. del autor a la biblioteca del Ateneo de Madrid
_z-- Enc. en un vol. facticio
999 _c164627
_d164627